000 00473 a2200157 4500
003 NUST
005 20230321141533.0
040 _cNust
082 _a954.1355,KHA
100 _aGalani,Khan Ghulam
_9110907
245 _aSSG tareekh kay ainay main / ایس ایس جی تاریخ کے آئینے میں (Urdu) /
_cKhan Ghulam Gilani
260 _aCharat
_bHead Quarter SSG
_c2004
300 _a478:p.
650 _aSSG-Pakistan Army
_9110908
942 _2ddc
_cBK
_k954.1355,KHA
999 _c179437
_d179437